000 00340 a2200157 4500
001 183505
020 _a85-7180-165-7
040 _cMagnum
100 _aHernandez, Jose
240 1 0 _aMartin Fierro
_lpor
245 1 0 _aMartin Fierro
300 _a28
362 0 _a1992
697 _aLITERATURA INFANTO-JUVENIL ESTRANGEIRA
942 _cBK
999 _c183505
_d183505